| 000 | 01038cam a2200325 i 4500 | ||
|---|---|---|---|
| 001 | 22918013 | ||
| 005 | 20250401171812.0 | ||
| 008 | 230104s2023 enk b 001 0 eng | ||
| 010 | _a 2023930158 | ||
| 020 | _a9781800376168 | ||
| 020 | _z9781800376175 | ||
| 041 | _aeng | ||
| 042 | _apcc | ||
| 082 | _a338.0954 ARU | ||
| 100 | 1 | _aArundel, Anthony, | |
| 245 | 1 | 0 | _aHow To Design, Implement, And Analyse A Survey |
| 264 | 1 |
_aCheltenham, UK ; _aNorthampton, MA, USA : _bEdward Elgar Publishing, _c[2023] |
|
| 300 |
_a162 pages ; _c25 cm |
||
| 336 |
_atext _2rdacontent |
||
| 337 |
_aunmediated _2rdamedia |
||
| 338 |
_avolume _2rdacarrier |
||
| 504 | _aIncludes bibliographical references (pages 134-140) and index. | ||
| 650 | 0 | _aIndustrial surveys; | |
| 650 | 0 | _aQuestionnaires. | |
| 650 | 0 | _aBusiness | |
| 650 | 0 | _aManagement | |
| 906 |
_a7 _bcbc _corigres _d2 _encip _f20 _gy-gencatlg |
||
| 942 | _cBK | ||
| 999 |
_c43515 _d43515 |
||